000 00601nam a22001817a 4500
008 150303b xxu||||| |||| 00| 0 eng d
050 _aQA171.W653 1959
100 _aWigner, Eugine Paul
_915708
245 _aGroup theory and its application to the quantum mechanics of atomic spectra
_cEugine P. Wigner
250 _aRevised ed.
260 _aNew York
_bAcademic Press
_c1959
300 _axi, 372p. ;
_c24cm.
440 _aPure and applied physics
_915723
650 _aGroup theory
_914244
650 _aQuantum theory
_915724
700 _aJ.J. Griffin
_915725
942 _2lcc
_cMONOGRAPH
999 _c122256
_d122256